000 01018nam a22001697a 4500
005 20241028094448.0
008 241028b |||||||| |||| 00| 0 eng d
020 _a9780333966754
110 _aMacmillan Education
245 _aMacmillan English Dictionary
_bFor Advanced Learners
250 _aInternational Student Edition
260 _aMalaysia
_bBloomsbury Publishing Plc.
_c2002
300 _axiv, 1692 pages
_bDefining Vocabulary
_c23.5 cm
500 _aMacmillan English Dictionary for Advanced Learners, also known as MEDAL, is an advanced learner's dictionary first published in 2002 by Macmillan Education. It shares most of the features of this type of dictionary: it provides definitions in simple language, using a controlled defining vocabulary; most words have example sentences to illustrate how they are typically used; and information is given about how words combine grammatically or in collocations. MEDAL also introduced a number of innovations
650 _2English Dictionary
942 _2lcc
_cBK
_n0
999 _c265
_d265